Catastrophic processes in dielectrics in irradiation by high-current electron beams; Nuclear Instruments and Methods in Physics Research Section B: Beam Interactions with Materials and Atoms; Vol. 268, iss. 19 : Radiation Effects in Insulators Proceedings of the 15th International Conference on Radiation Effects in Insulators (REI), Padova, Italy 30 August–4 September 2009

Detalhes bibliográficos
Parent link:Nuclear Instruments and Methods in Physics Research Section B: Beam Interactions with Materials and Atoms: Scientific Journal
Vol. 268, iss. 19 : Radiation Effects in Insulators Proceedings of the 15th International Conference on Radiation Effects in Insulators (REI), Padova, Italy 30 August–4 September 2009.— 2010.— [P. 3265-3268]
Outros Autores: Oleshko V. I. Vladimir Ivanovich, Lisitsyna L., Malys D., Damamme G., Lisitsyn V. M. Viktor Mikhailovich
Resumo:Title screen
The results of the research in explosive decomposition of heavy metal azides initiated by electric (“streamer”) charges induced by high-current electron beam have been considered. A physical model for initiation of heavy metal azides explosive decomposition by electron beam has been suggested. The model suggests formation of strong electric field in the sample and its neutralization by ultrasound anode charges. The streamer front generates “hot spots” which start the formation of explosive decomposition sites in a condensed reactive material.
Режим доступа: по договору с организацией-держателем ресурса
Idioma:inglês
Publicado em: 2010
Assuntos:
Acesso em linha:http://dx.doi.org/10.1016/j.nimb.2010.05.106
Formato: Recurso Electrónico Capítulo de Livro
KOHA link:https://koha.lib.tpu.ru/cgi-bin/koha/opac-detail.pl?biblionumber=639585

MARC

LEADER 00000naa0a2200000 4500
001 639585
005 20250217145255.0
035 |a (RuTPU)RU\TPU\network\4072 
090 |a 639585 
100 |a 20150317d2009 k||u0rusy50 ba 
101 1 |a eng 
102 |a NL 
135 |a drcn ---uucaa 
181 0 |a i  
182 0 |a b 
200 1 |a Catastrophic processes in dielectrics in irradiation by high-current electron beams  |f V. I. Oleshko [et al.] 
203 |a Text  |c electronic 
300 |a Title screen 
320 |a [References: p. 3268 (20 tit.)] 
330 |a The results of the research in explosive decomposition of heavy metal azides initiated by electric (“streamer”) charges induced by high-current electron beam have been considered. A physical model for initiation of heavy metal azides explosive decomposition by electron beam has been suggested. The model suggests formation of strong electric field in the sample and its neutralization by ultrasound anode charges. The streamer front generates “hot spots” which start the formation of explosive decomposition sites in a condensed reactive material. 
333 |a Режим доступа: по договору с организацией-держателем ресурса 
461 |t Nuclear Instruments and Methods in Physics Research Section B: Beam Interactions with Materials and Atoms  |o Scientific Journal 
463 |t Vol. 268, iss. 19 : Radiation Effects in Insulators Proceedings of the 15th International Conference on Radiation Effects in Insulators (REI), Padova, Italy 30 August–4 September 2009  |v [P. 3265-3268]  |d 2010 
610 1 |a труды учёных ТПУ 
610 1 |a электронный ресурс 
701 1 |a Oleshko  |b V. I.  |c specialist in the field of lightning engineering  |c Professor of Tomsk Polytechnic University, Doctor of physical and mathematical sciences  |f 1948-  |g Vladimir Ivanovich  |3 (RuTPU)RU\TPU\pers\33783  |9 17381 
701 1 |a Lisitsyna  |b L. 
701 1 |a Malys  |b D. 
701 1 |a Damamme  |b G. 
701 1 |a Lisitsyn  |b V. M.  |c physicist  |c Russian physicist  |c Professor of Tomsk Polytechnic University, Candidate of physical and mathematical sciences  |f 1939-  |g Viktor Mikhailovich  |3 (RuTPU)RU\TPU\pers\28330  |9 13239 
801 2 |a RU  |b 63413507  |c 20160321  |g RCR 
856 4 0 |u http://dx.doi.org/10.1016/j.nimb.2010.05.106 
942 |c CF